00924nam a22002297a 4500999001700000003000900017008004100026040007100067082002200138100002900160245006700189260005800256300002700314440004100341505011400382650002500496650001700521650001800538942001600556945002000572952010200592 c15625d15625AR-CdUCM190429b ||||| |||| 00| 0 spa d aMUNICIPALIDAD PROVINCIAL DEL CUSCOcBIBLIOTECA MUNICIPAL DEL CUSCO a657 /bR81 / 1960 aRomero Cotillo, Priscilo aContabilidad sindical :bCurso regular de educación obrera / aLima :bEscuela Sindical Autónoma de Lima,c[1960]. a63 páginas ;c22 cm. aLecturas para trabajadoresn4934749 aContenido : Leyenda del diagrama de control contable -- La documentación -- Los libros de contabilidad ...  aContabilidad 910543 aLibros91857 aModelos98476 2ddccLIBROS arahd29/04/2019 002ddc4070aSCAbSCAcCARTd2019-04-29g20.00o657 / R81 / 1960pSCA0003606r2019-04-29yLIBROS